| 000 | 00996cam a2200289 a 4500 | ||
|---|---|---|---|
| 001 | 3032933 | ||
| 003 | OSt | ||
| 005 | 20160209115730.0 | ||
| 008 | 950404s1996 maua 001 0 eng | ||
| 010 | _a 95015917 | ||
| 020 | _a0201571579 | ||
| 040 |
_aSEKU _cDLC _dDLC |
||
| 050 | 0 | 0 |
_aQC21.2 _b.Y67 1996b |
| 082 | 0 | 0 |
_a530 _220 |
| 100 | 1 | _aYoung, Hugh D. | |
| 245 | 1 | 0 | _aUniversity physics. |
| 250 |
_a9th ed. / _bHugh D. Young, Roger A. Freedman ; contributing authors, T.R. Sandin, A. Lewis Ford. |
||
| 260 |
_aReading, Mass. : _bAddison-Wesley Pub. Co., _cc1996. |
||
| 300 |
_a1259p _bill. (some col.) ; _c25 cm. |
||
| 440 | 0 | _aAddison-Wesley series in physics | |
| 500 | _aIncludes indexes. | ||
| 650 | 0 | _aPhysics. | |
| 700 | 1 | _aFreedman, Roger A. | |
| 906 |
_a7 _bcbc _corignew _d1 _eocip _f19 _gy-gencatlg |
||
| 942 |
_2lcc _cGEN |
||
| 999 |
_c10598 _d10598 |
||